000 00645nam a22001937a 4500
003 NUST-PNEC
005 20170116180742.0
008 141222b xxu||||| |||| 00| 0 eng d
020 _a9789698464387
040 _cPNEC
082 _a153.753 SAY
100 _91135
_aSayal, Faizia Hassan
245 _aNai zindagi : Saal kay har din kay lya 365 rehnuma asool, ek seehat mand aur pur musarat zindagi kay lya ( Urdu translation of "Born again" )
_cFaiza Hassan Sayal
250 _a2nd ed.
260 _aLahore :
_bShirkat Printing Press Lahore,
_cc2010.
300 _a1 vol. (various pagings )
_c16 cm.
650 _xGeneral
942 _2ddc
_cBK
999 _c62208
_d62208